02335 2200349 4500001002100000005001500021035002000036007000300056008004100059040001200100100006100112245016900173250002000342300002500362020002200387082001400409084002000423264004500443336002100488337003000509338002300539520116900562650003201731650001701763650003101780700003201811700004101843700002601884700003501910740002801945850001201973INLIS00000000069816620251022034805 a0010-1025000112ta251022 0 ind  aJIPUBAY0 aNakayama ShiciriePengarangeNakayama ShiciriePengarang1 aThe confession of the sirens :bnyanyian sang siren /cShiciri Nakayama ; alih bahasa, Joyce Anastasia Setyawan ; ilustrator, Hastapena ; editor, Tiyas Puspita Sari aCetakan pertama a333 halaman ;c19 cm a978-623-03-1064-5 a899.221 3 a899.221 3 NAK t aJakarta :bGramedia Pustaka Utama,c2023 2rdacontentateks 2rdamediaatanpa perantara 2rdacarrieravolume aSeparuh bagian atas makhluk itu adalah tubuh seorang perempuan, sementara separuh bagian bawahnya adalah burung atau ikan. Makhluk itu akan bernyanyi dan mengacaukan pikiran para awak kapal, mengundang mereka menuju kehancuran. Menurutku, kalian persis seperti siren itu. Dengan kata-kata manis, kalian mengundang para penonton ke dalam pusaran kecurigaan dan penghinaan. Hati kecil Takami tak menerima ucapan menusuk dari Detektif Kudou mengenai pekerjaannya itu. Di sisi lain, pikiran Takami terus berkecamuk mempertanyakan kebenarannya. Kasus penculikan yang berujung pada pembunuhan telah terjadi di sebuah pabrik bekas di wilayah Yotsugi. Takami Asakura, seorang reporter muda yang bekerja di program berita Afternoon JAPAN bertekad untuk mendapatkan scoop terkait kasus tersebut. Bersama Satoya, partnernya, Takami berusaha keras menangkap pelakunya. Sebab bagi Takami, seorang reporter ada untuk menjadi pengingat sekaligus penunjuk jalan bagi masyarakat. Namun, kasus tersebut justru menunjukkan kepadanya sisi kelam dunia jurnalisme. Takami yang naif pun dihadapkan pada keraguan mengenai apakah pekerjaan yang dijalaninya selama ini adalah hal yang benar 4aCerita detektif dan misteri 4aFiksi Jepang 4aFiksi aksi dan petualangan0 aNakayama ShiciriePengarang0 aJoyce Anastasia SetyawanePenerjemah0 aHastapenaeIlustrator0 aTiyas Puspita SariePenyunting aSirens no zange (Bunko) aJIPUBAY